000 01988cam a2200577 i 4500
001 29156
003 KOSZ 005
005 20240912150435.0
008 190605s1989 pl a g 000 0 pol
015 _aPB 1990/4158
020 _a830302731X
035 _a991002262269705066
035 _a(PL-WaBN)b10625100-48omnis_nlop
035 _ab10625100
035 _a(OCoLC)834093940
035 _a(PL)b0000001062510
035 _a(EXLNZ-48OMNIS_NETWORK)9910230233605606
040 _aWA N
_cWA N
_dKOSZ 005/RW
045 _bd1918
_bd1921
046 _k1989
080 _a94(438).081
100 1 _aGarlicki, Andrzej
_d(1935-2013)
_eAutor
245 1 0 _aPierwsze lata Drugiej Rzeczypospolitej /
_cAndrzej Garlicki.
250 _aWydanie I.
260 _aWarszawa :
_bKrajowa Agencja Wydawnicza,
_c1989.
300 _a80 stron :
_bfaksy, fotografie, portrety ;
_c27 cm.
336 _aTekst
_btxt
_2rdacontent
337 _aBez urządzenia pośredniczącego
_bn
_2rdamedia
338 _aWolumin
_bnc
_2rdacarrier
380 _aKsiążki
380 _aPublikacje popularnonaukowe
388 1 _a1901-2000
388 1 _a1989-2000
490 1 _aDzieje narodu i państwa polskiego ;
_vIII-58
500 _aOpis wg okładki. Koniec tekstu na stronie 3 okładki.
504 _aWskazówki bibliograficzne na stronie 79.
648 7 _a1901-2000
_2DBN
648 7 _a1918-1939
_2DBN
650 7 _aGospodarka
650 7 _aPolityka
650 7 _aWojna polsko-bolszewicka (1919-1920)
651 7 _aPolska
_2DBN
655 7 _aWydawnictwa popularne
658 _aHistoria
658 _aPolityka, politologia, administracja publiczna
710 2 _aKrajowa Agencja Wydawnicza
_4pbl
830 0 _aDzieje Narodu i Państwa Polskiego
_vIII-58
856 _uhttp://koha.tu.koszalin.pl/cgi-bin/koha/opac-detail.pl?biblionumber=29156
_yKatalog online BPK
942 _2UKD
_cKS
999 _c29156
_d29156